00668nam a2200205Ia 4500001002200000003000900022008004100031040002300072041001300095100003100108245005200139250001500191260003600206300001900242490001800261501012400279520002600403700001800429700001500447264-SCH al sa (15775)IT-MiSPE171229s9999||||xx |||||||||||||| ||und|| aIT-MiSPEcIT-MiSPE aITALIANO aAlfredo Idefonso Schuster  0aLa sacra liturgiabIl cuore della Chiesa orante a1a ed. (v) aCasale Monf. (AL)bPiemmec1996 a227 p. c19 cm aTriangoliv28 aEdizioni San Paolo srl - Piazza Soncino, 5 - 20092 CINISELLO BALSAMO (MI) (non commercial uses only) ® Copyright 2018 aGiacomo Biffi (pres.) aGiacomo Biffi aInos Biffi